Statistics for Every Song by Foo Fighters

Click here to take the quiz!

General Stats

  • This quiz has been taken 308 times
    (177 since last reset)
  • The average score is 61 of 154

Answer Stats

AlbumSong% Correct
The Colour and the Shape(1997)Everlong
92%
Echoes, Silence, Patience, and Grace(2007)The Pretender
89%
The Colour and the Shape(1997)Monkey Wrench
83%
There is Nothing Left to Lose(1999)Learn to Fly
81%
The Colour and the Shape(1997)My Hero
81%
One by One(2002)All My Life
77%
In Your Honor(2005)Best of You
75%
Wasting Light(2011)Walk
74%
Foo Fighters(1995)Big Me
70%
Wasting Light(2011)Rope
68%
Foo Fighters(1995)This is a Call
68%
One by One(2002)Times Like These
68%
The Colour and the Shape(1997)Hey, Johnny Park!
66%
Concrete and Gold(2017)The Sky is a Neighborhood
64%
Concrete and Gold(2017)Run
63%
There is Nothing Left to Lose(1999)Breakout
61%
In Your Honor(2005)In Your Honor
61%
The Colour and the Shape(1997)Doll
60%
Foo Fighters(1995)I'll Stick Around
60%
But Here We Are(2023)Rescued
59%
Saint Cecelia(2015)Saint Cecelia
59%
But Here We Are(2023)But Here We Are
58%
In Your Honor(2005)DOA
58%
There is Nothing Left to Lose(1999)Stacked Actors
58%
Foo Fighters(1995)Alone + Easy Target
57%
Concrete and Gold(2017)Concrete and Gold
57%
The Colour and the Shape(1997)February Stars
57%
There is Nothing Left to Lose(1999)Aurora
56%
Wasting Light(2011)Bridge Burning
56%
Foo Fighters(1995)For All the Cows
56%
Medicine at Midnight(2021)Medicine at Midnight
56%
Wasting Light(2011)These Days
56%
But Here We Are(2023)The Teacher
56%
Wasting Light(2011)Arlandria
55%
One by One(2002)Low
53%
Medicine at Midnight(2021)Making a Fire
53%
Foo Files(2019)The One
53%
There is Nothing Left to Lose(1999)Generator
52%
Greatest Hits(2009)Wheels
52%
Foo Fighters(1995)X-Static
51%
Medicine at Midnight(2021)Waiting on a War
50%
The Colour and the Shape(1997)Walking After You
50%
Echoes, Silence, Patience, and Grace(2007)Long Road to Ruin
49%
There is Nothing Left to Lose(1999)Next Year
49%
In Your Honor(2005)No Way Back
49%
Foo Fighters(1995)Weenie Beenie
49%
Foo Fighters(1995)Good Grief
48%
Echoes, Silence, Patience, and Grace(2007)Home
48%
But Here We Are(2023)Rest
48%
Medicine at Midnight(2021)Shame Shame
48%
But Here We Are(2023)The Glass
48%
There is Nothing Left to Lose(1999)M.I.A.
47%
The Colour and the Shape(1997)My Poor Brain
47%
Wasting Light(2011)White Limo
47%
There is Nothing Left to Lose(1999)Headwires
45%
Echoes, Silence, Patience, and Grace(2007)Let It Die
45%
The Colour and the Shape(1997)New Way Home
45%
The Colour and the Shape(1997)Up in Arms
45%
Medicine at Midnight(2021)No Son of Mine
44%
Foo Fighters(1995)Exhausted
43%
Foo Fighters(1995)Oh, George
43%
But Here We Are(2023)Under You
43%
The Colour and the Shape(1997)Wind Up
43%
Wasting Light(2011)I Should Have Known
42%
Foo Fighters(1995)Wattershed
42%
Wasting Light(2011)Dear Rosemary
41%
The Colour and the Shape(1997)Enough Space
41%
In Your Honor(2005)Hell
41%
Concrete and Gold(2017)Dirty Water
40%
One by One(2002)Halo
40%
One by One(2002)Overdrive
40%
In Your Honor(2005)Razor
40%
Sonic Highways(2014)Something from Nothing
40%
One by One(2002)Come Back
39%
Sonic Highways(2014)Congregation
39%
But Here We Are(2023)Nothing at All
39%
Saint Cecelia(2015)Sean
39%
In Your Honor(2005)Virginia Moon
39%
Foo Fighters(1995)Floaty
38%
There is Nothing Left to Lose(1999)Gimme Stitches
38%
Sonic Highways(2014)Outside
38%
The Colour and the Shape(1997)See You
38%
Sonic Highways(2014)The Feast and the Famine
38%
Concrete and Gold(2017)T-Shirt
38%
In Your Honor(2005)Cold Day in the Sun
36%
There is Nothing Left to Lose(1999)Live-In Skin
36%
Medicine at Midnight(2021)Cloudspotter
35%
Medicine at Midnight(2021)Love Dies Young
35%
There is Nothing Left to Lose(1999)Ain't it the Life
34%
Echoes, Silence, Patience, and Grace(2007)But, Honestly
34%
Echoes, Silence, Patience, and Grace(2007)Erase/Replace
34%
Wasting Light(2011)Back & Forth
33%
Echoes, Silence, Patience, and Grace(2007)Cheer Up, Boys(Your Make Up is Running)
33%
Wasting Light(2011)Miss the Misery
33%
But Here We Are(2023)Show Me How
33%
Concrete and Gold(2017)Sunday Rain
33%
Concrete and Gold(2017)Arrows
32%
One by One(2002)Disenchanted Lullaby
32%
But Here We Are(2023)Hearing Voices
32%
Medicine at Midnight(2021)Holding Poison
32%
Five Songs and a Cover(2005)Skin and Bones
32%
Echoes, Silence, Patience, and Grace(2007)Summer's End
32%
One by One(2002)Tired of You
32%
One by One(2002)Burn Away
31%
One by One(2002)Have It All
31%
One by One(2002)Lonely as You
31%
Echoes, Silence, Patience, and Grace(2007)Stranger Things Have Happened
31%
In Your Honor(2005)The Last Song
31%
Concrete and Gold(2017)The Line
31%
Saint Cecelia(2015)The Neverending Sigh
31%
Medicine at Midnight(2021)Chasing Birds
30%
In Your Honor(2005)Resolve
30%
Greatest Hits(2009)Word Forward
30%
Wasting Light(2011)A Matter of Time
28%
Concrete and Gold(2017)La Dee Da
28%
In Your Honor(2005)Friend of a Friend
27%
Saint Cecelia(2015)Iron Rooster
27%
Echoes, Silence, Patience, and Grace(2007)Ballad of the Beaconsfield Miners
26%
But Here We Are(2023)Beyond Me
26%
Sonic Highways(2014)I Am a River
26%
In Your Honor(2005)Still
26%
Sonic Highways(2014)What Did I Do?
25%
Echoes, Silence, Patience, and Grace(2007)Come Alive
24%
Sonic Highways(2014)In the Clear
24%
In Your Honor(2005)End Over End
23%
Concrete and Gold(2017)Make It Right
23%
In Your Honor(2005)Miracle
23%
In Your Honor(2005)What If I Do?
23%
In Your Honor(2005)On the Mend
22%
In Your Honor(2005)Over and Out
22%
In Your Honor(2005)Free Me
20%
In Your Honor(2005)Another Round
19%
Concrete and Gold(2017)Happy Ever After(Zero Hour)
18%
Foo Files(2019)Normal
18%
One by One(Bonus)(2002)Walking a Line
17%
Wasting Light(Bonus)(2011)Better Off
16%
Five Songs and a Cover(2005)FFL (Fat Fucking Lie)
16%
Foo Fighters(Bonus)(1995)Podunk
16%
Foo Files(2019)Winnebago
16%
Foo Fighters(Bonus)(1995)How I Miss You
15%
Saint Cecelia(2015)Savior Breath
15%
Five Songs and a Cover(2005)World
15%
Songs from the Laundry Room(2015)Empty Handed
14%
Foo Files(2019)Spill
14%
In Your Honor(2005)The Deepest Blue are Black
13%
In Your Honor(Bonus)(2005)The Sign
13%
Songs from the Laundry Room(2015)Alone + Easy River
11%
Foo Files(2019)Dear Lover
11%
There is Nothing Left to Lose(Bonus)(1999)Fraternity
10%
Foo Files(2019)If Ever
10%
Echoes, Silence, Patience, and Grace(Bonus)(2007)Seda
10%
Sonic Highways(2014)Subterrenean
10%
Echoes, Silence, Patience, and Grace(Bonus)(2007)Once & For All
8%
Foo Files(2019)Win or Lose
7%

Score Distribution

Percentile by Number Answered

Percent of People with Each Score

Your Score History

You have not taken this quiz since the last reset